|
|
|
|
| LEADER |
00883nam a22003012a 4500 |
| 001 |
000920484 |
| 003 |
CZ BrMZK |
| 005 |
20180824121129.0 |
| 007 |
ta |
| 008 |
081107s1906 xr gr|||||||||p|cze d |
| 015 |
|
|
|a cnb000571941
|
| 040 |
|
|
|a BOA001
|b cze
|
| 072 |
|
7 |
|a 821.162.3-1
|x Česká poezie
|2 Konspekt
|9 25
|
| 080 |
|
|
|a 821.162.3-1
|2 MRF
|
| 080 |
|
|
|a (0:82-1)
|2 MRF
|
| 100 |
1 |
|
|a Heyduk, Adolf,
|d 1835-1923
|7 jk01040997
|4 aut
|
| 245 |
1 |
0 |
|a Dědův odkaz /
|c Adolf Heyduk
|
| 250 |
|
|
|a 6. vyd.
|
| 260 |
|
|
|a Praha :
|b J. Otto,
|c 1906
|
| 300 |
|
|
|a 87 s.
|
| 490 |
1 |
|
|a Spisy Adolfa Heyduka ;
|v 28
|
| 655 |
|
7 |
|a česká poezie
|7 fd133958
|2 czenas
|
| 800 |
1 |
|
|a Heyduk, Adolf,
|d 1835-1923.
|t Spisy
|0 s
|
| 910 |
|
|
|a BOA001
|b 1-0721.326
|
| 990 |
|
|
|a BK
|
| 993 |
|
|
|a Y
|
| 991 |
|
|
|b 200811
|
| 996 |
6 |
|
|b 2619496072
|c 1-0721.326
|l MZK
|r Sklad / do 1 hodiny
|n 0
|w 000920484
|u 000010
|a 1
|e BOA001
|j MZK50
|s P
|